| 000 | 00609nam a2200193Ia 4500 | ||
|---|---|---|---|
| 008 | 190805s9999||||xx |||||||||||||| ||und|| | ||
| 020 |
_a9780199568734 _c£ 46.99 |
||
| 082 | 0 | 4 |
_a333.7 _bH1947 |
| 100 | 1 | _aHanley, Nick. | |
| 245 | 1 | 0 |
_aIntroduction to Environmental Economics / _cNick Hanley, Jason F. Shogren and Ben White |
| 250 | _a2nd ed. | ||
| 260 |
_aOxford (UK) : _bOxford University Press, _c2013 |
||
| 300 |
_axvi, 300 p. _b : ill. _c; 24.5 cm. |
||
| 650 | 0 |
_aEnvironmental economics _vTextbooks |
|
| 700 | 1 | _aShogren, Jason F. | |
| 700 | 1 | _aWhite, Ben | |
| 942 | _cBK | ||
| 999 |
_c326 _d326 |
||